000 00859nmc a2200325 a 4500
003 AR-BaBNM
005 20251128203352.0
008 247019s1950 ||||||||||||||000 | spa||
040 _cAR-BaBNM
100 1 _aVirgilio Maron, Publio
245 1 0 _aObras poéticas
260 _aBuenos Aires
_bW.M. Jackson
_c1950
300 1 _axxiii, 379 p.
490 0 _aClásicos Jackson
_vv. 4
650 4 _aLITERATURA LATINA
650 4 _aMITOLOGIA
650 4 _aHISTORIA ANTIGUA
650 4 _aLEYENDAS
653 0 _aLITERATURA EPICA
653 0 _aALEJANDRINISMO
653 _aPOESIA DIDACTICA
653 _aPOETICA
655 _aLITERATURA
700 1 _aHoracio Flaco, Quinto
700 1 _aMillares Carlo, Agustín
_ecompilador
700 1 _aOchoa, Eugenio de
_etraductor
700 1 _aSalinas, Germán
_etraductor
942 _cBK
998 _cMARTIN
999 _c3069
_d3069